000 00587nam a22001697a 4500
008 160725b xxu||||| |||| 00| 0 eng d
020 _a0-07-111557-9
082 _aDC 302.234 B23i 2006
100 _911841
_aBaran, Stanley J.
245 _aIntroduction to mass communication:
_bmedia literacy and culture/
_cStanley J. Baran.
250 _aFourth edition.
260 _aBoston:
_bMcGraw-Hill,
_cc2006.
300 _axxxvi, 523 pages:
_bcolor illustrations;
_c28 cm.
500 _aIncludes bibliographical references and index.
650 0 _911842
_aMass communication.
942 _2ddc
_cDC
999 _c3557
_d3557